Statistics for Prove you've read Infinite Jest

Click here to take the quiz!

General Stats

  • This quiz has been taken 65 times
  • The average score is 9 of 15

Answer Stats

QuestionAnswer% Correct
Who mailed the video-tape to the attache?Orin
79%
What is the main antagonist of Infinite Jest?Addiction
76%
What is Marathes main motivation to do what he does?His wife
76%
What AA group does Gately belong to?White Flag
72%
How do Quebecois blow their noses?One nostril at a time
67%
What causes Hal's emotional incontinence?We don't know
66%
What book is Orin's final scene a parody of?1984
64%
What was James Incandenza's fathers job?The man from Glad
62%
What direction does Lenz prefer?North-East
60%
Why does hal say "Too Late!"The master copy of infinite jest is missing
60%
What is the first year of subsidized time?Year of the Whopper
60%
What meeting does Hal go to, near the end of the novel?A mens health meeting
45%
What color are Pemulis' Socks?Fuschia
41%
What film is playing on the TV during Gately's final bottoming out sequence?Kinds of Light
38%
who is yrstrly?Minty
36%

Score Distribution

Percentile by Number Answered

Percent of People with Each Score

Your Score History

You have not taken this quiz